Walt Disney Filmography - Statistics

General Stats
  • This quiz has been taken 49 times
  • The average score is 15 of 106
Answer Stats
Year Movie % Correct
1950 Cinderella
86%
1937 Snow White and the Seven Dwarfs
86%
1941 Dumbo
69%
1940 Fantasia
69%
1959 Sleeping Beauty
69%
1942 Bambi
66%
1955 Lady and the Tramp
62%
1940 Pinocchio
62%
1953 Peter Pan
59%
1970 The Aristocats
59%
1967 The Jungle Book
45%
1961 101 Dalmations
41%
1951 Alice in Wonderland
41%
1964 Mary Poppins
38%
1963 The Sword in the Stone
34%
1946 Song of the South
28%
1944 The Three Caballeros
28%
1946 Make Mine Music
21%
1942 Saludos Amigos
21%
1949 The Adventures of Ichabod and Mr. Toad
21%
1947 Fun and Fancy Free
17%
1948 Melody Time
17%
1960 Swiss Family Robinson
17%
1960 Pollyanna
14%
1961 The Absent Minded Professor
14%
1963 The Incredible Journey
14%
1959 The Shaggy Dog
14%
1954 20,000 Leagues Under the Sea
10%
1961 Babes in Toyland
10%
1967 Charlie, the Lonesome Cougar
10%
1959 Darby O'Gill and the Little People
10%
1955 Davy Crockett: King of the Wild Frontier
10%
1966 Follow Me, Boys!
10%
1957 Johnny Tremain
10%
1957 Old Yeller
10%
1963 Son of Flubber
10%
1963 Summer Magic
10%
1960 Ten Who Dared
10%
1965 That Darn Cat!
10%
1956 The Great Locomotive Chase
10%
1967 The Happiest Millionaire
10%
1961 The Parent Trap
10%
1941 The Reluctant Dragon
10%
1953 The Sword and the Rose
10%
1960 Toby Tyler
10%
1950 Treasure Island
10%
1962 Big Red
7%
1968 Blackbeard's Ghost
7%
1962 Bon Voyage!
7%
1964 Emil and the Detectives
7%
1959 Kidnapped
7%
1962 Moon Pilot
7%
1953 Rob Roy: The Highland Rogue
7%
1963 Savage Sam
7%
1966 The Fighting Prince of Donegal
7%
1962 The Legend of Lobo
7%
1958 The Light in the Forest
7%
1955 The Littlest Outlaw
7%
1965 The Monkey's Uncle
7%
1964 The Moon-Spinners
7%
1968 The One and Only, Genuine, Original Family Band
7%
1958 The Sign of Zorro
7%
1952 The Story of Robin Hood and His Merrie Men
7%
1963 The Three Lives of Thomasina
7%
1966 The Ugly Dachshund
7%
1959 Third Man on the Mountain
7%
1965 Those Calloways
7%
1958 Tonka
7%
1962 Almost Angels
3%
1964 A Tiger Walks
3%
TBD Bird of Steel!
3%
1962 In Search of the Castaways
3%
1966 Lt. Robin Crusoe, U.S.N.
3%
1963 Miracle of the White Stallions
3%
1961 Nikki, Wild Dog of the North
3%
1957 Perri
3%
2022 Peter Pan and Wendy
3%
1967 The Adventures of Bullwhip Griffin
3%
1967 The Gnome-Mobile
3%
1964 The Misadventures of Merlin Jones
3%
1956 Westward Ho, The Wagons!
3%
1922 A Pirate For a Day
0%
1964 A Tattooed Police Horse
0%
1960 Donald Duck and His Champions
0%
1963 Dr. Syn, Alias the Scarecrow
0%
1961 Greyfriars Bobby: The True Story of a Dog
0%
1934 Hollywood Party
0%
1948 If You Knew Susie
0%
1991 Lifestyles of the Rich and Animated
0%
1937 Michael O'Halloran
0%
1967 Monkey, Go Home!
0%
1962 Mooncussers
0%
1955 Music Land
0%
1946 Piccadilly Incident
0%
1966 Run, Appaloosa, Run
0%
1936 Sabotage
0%
1934 Servants' Entrance
0%
2007 Shipwrecked Adventures of Donkey Ollie
0%
1954 Stormy, the Thoroughbred
0%
1965 The Legend of Young Dick Turpin
0%
1962 The Prince and the Pauper
0%
1949 The Window
0%
1922 The Woodland Potter
0%
2010 Variations on a High School Romance
0%
2015 Walt Before Mickey
0%
1963 Yellowstone Cubs
0%
No matching quizzes found
Score Distribution
Percent of People with Each Score
Percentile by Number Answered
Your Score History
You have not taken this quiz